Neighbor discrimination theory and evidence from the French rental market (Record no. 507987)

000 -LEADER
fixed length control field 00441nam a2200145 4500
008 - FIXED-LENGTH DATA ELEMENTS--GENERAL INFORMATION
fixed length control field 190302b ||||| |||| 00| 0 eng d
100 ## - MAIN ENTRY--PERSONAL NAME
Personal name Combes, Pierre-Philippe et al
245 ## - TITLE STATEMENT
Title Neighbor discrimination theory and evidence from the French rental market
260 ## - PUBLICATION, DISTRIBUTION, ETC. (IMPRINT)
Date of publication, distribution, etc 2018
300 ## - PHYSICAL DESCRIPTION
Extent p.104-123.
650 ## - SUBJECT ADDED ENTRY--TOPICAL TERM
Topical term or geographic name as entry element Neighbourhood externalities
9 (RLIN) 2937
773 ## - HOST ITEM ENTRY
Main entry heading Journal of Urban Economics
906 ## - LOCAL DATA ELEMENT F, LDF (RLIN)
Subject DIP Housing
942 ## - ADDED ENTRY ELEMENTS (KOHA)
Source of classification or shelving scheme
Item type Articles
Holdings
Withdrawn status Lost status Source of classification or shelving scheme Damaged status Not for loan Permanent location Current location Date acquired Serial Enumeration / chronology Barcode Date last seen Koha item type
          Indian Institute of Public Administration Indian Institute of Public Administration 2019-03-02 103, Mar, 2018: p.104-123. AR119114 2019-03-02 Articles

Powered by Koha